Statistics for Every Washington Huskies Player to Score a Touchdown in 2023-24

Click here to take the quiz!

General Stats

  • This quiz has been taken 6 times
  • The average score is 8 of 16

Answer Stats

Total TDsPlayer% Correct
3Michael Penix Jr.
100%
15Rome Odunze
100%
16Dillon Johnson
83%
5Jack Westover
83%
6Jalen McMillan
83%
10Ja'Lynn Polk
83%
2Devin Culp
50%
4Germie Bernard
50%
1Giles Jackson
50%
1Will Nixon
33%
1Edefuan Ulofoshio
17%
1Quentin Moore
17%
1Daniyel Ngata
0%
1Josh Cuevas
0%
1Mishael Powell
0%
1Sam Adams II
0%

Score Distribution

Percentile by Number Answered

Percent of People with Each Score

Your Score History

You have not taken this quiz